00573nam a2200229Ia 450000500170000000800460001702000180006303700100008104000080009104000080009904000080010704100080011504100080012308400080013110000150013924500440015425000110019826000310020926000090024065000160024985600780026520260306153334.0008 260114s9999 xx 000 0 eng d a9780748635122 aEBOOK aCRL beng cCRL 2eng aeng qCRL aHammarberg 0aProcesses in Third Language Acquisition a1st Ed bEdinburgh University Press c2012 aLinguistics uhttps://www.cambridge.org/core/product/identifier/9780748635122/type/BOOK